000 02397cam a2200337 i 4500
001 768714001
003 CO-MdFUSB
005 20220406095747.0
007 ta
008 990218t1999 mnu b 001 0 eng
010 _a0800631919
040 _aDLC
_beng
_cCO-MdFUSB
_dBAKER
_dHNW
_dIG#
_dBTCTA
_dYDXCP
_dDEBBG
_dBDX
_dOCLCQ
_dFPD
_erda
041 _aeng
042 _apcc
082 _223
_a230.0411
_bB268
100 1 _aBarr, James,
_d1924-2006.
_eautor
245 1 4 _aThe concept of biblical theology :
_ban Old Testament perspective /
_cJames Barr.
264 1 _aMinneapolis, MN :
_bFortress Press,
_c[1999]
264 4 _c© 1999
300 _a715 páginas ;
_c25 cm.
336 _atexto
_btxt
_2rdacontent.
337 _asin mediación
_bn
_2rdamedia.
338 _avolumen
_bnc
_2rdacarrier.
504 _aIncluye referencias bibliográficas (páginas 610-640) e índices.
505 _aDefiniciones: las muchas caras de la teología bíblica -- Los orígenes de la teología moderna del Antiguo Testamento -- Una tipología de las teologías del Antiguo Testamento -- Un espectro más amplio -- Diferencia con la teología doctrinal -- Diferencia con el estudio no teológico -- Evolución y anti- evolucionismo -- Diferencia con la historia de la religión -- Diferencia en el tamaño de los complejos -- Diferencia en la forma de pensar: filosofía y teología natural -- Conexiones con el Nuevo Testamento -- Evaluación, compromiso, objetividad -- Teología histórica -- una posible analogia? -- Oposición a la teología bíblica -- Teología 'real' y teología bíblica -- ¿'Cristianización' del Antiguo Testamento? -- El judaísmo después de los tiempos bíblicos -- ¿Teología bíblica judía? -- Algunas teologías de la década de 1970 -- Una mirada a la tradición más antigua -- Historia y teología bíblica -- Gese y la unidad de la teología bíblica -- El enfoque canónico : primera etapa -- Las teologías de Childs -- Otras posibilidades canónicas -- Algunas teologías recientes -- Teología natural dentro de la teología bíblica -- Oeming -- Mildenberger -- Räisänen -- Brueggemann -- Libros apócrifos y otros libros no canónicos -- La distribución de recursos y la teología panbíblica -- David Brown.
563 _aPasta dura
630 7 _aBiblia.
_pAntiguo Testamento
_xTeología
942 _cBK
945 _aJTF-925
999 _c67571
_d67571